Жилой дом: руководство для проектирования и возведения современных жилищ; более 600 чертежей и снимков с натуры, 3 фототипiи и 3 цветных таблицы

Bibliografiske detaljer
Andre forfattere: Купффер Э. Ю. (составитель)
Sprog:russisk
Udgivet: СПб., Издание Т-ВА М. О. Вольф
Fag:
Format: MixedMaterials Bog
KOHA link:https://koha.lib.tpu.ru/cgi-bin/koha/opac-detail.pl?biblionumber=212332

MARC

LEADER 00000n m0a2200000 4500
001 212332
005 20231031192858.0
035 |a (RuTPU)RU\TPU\book\231977 
090 |a 212332 
100 |a 20120326d km y0rusy50 ca 
101 0 |a rus 
102 |a RU 
105 |a ae z 001zy 
200 1 |a Жилой дом  |e руководство для проектирования и возведения современных жилищ  |e более 600 чертежей и снимков с натуры, 3 фототипiи и 3 цветных таблицы  |f сост. Э. Ю. Купффер 
210 |a СПб.  |a Москва  |c Издание Т-ВА М. О. Вольф 
215 |a 445 с.  |c ил. 
320 |a Библиогр.: с. 443-445. 
610 1 |a жилые дома 
610 1 |a жилые здания 
610 1 |a проектирование 
610 1 |a проектирование 
610 1 |a интерьер 
610 1 |a размеры 
610 1 |a внутреннее устройство 
610 1 |a жилые помещения 
675 |a 728  |v 3 
702 1 |a Купффер  |b Э. Ю.  |4 220 
801 1 |a RU  |b 63413507  |c 20120326 
801 2 |a RU  |b 63413507  |c 20121029  |g RCR 
942 |c BK